عرض عادي
عرض مارك
- Kelly, F. P.
مدخل إسم شخص
001 - رقم الضبط
- حقل الضبط: 18325
003 - معرف رقم الضبط
- حقل الضبط: OSt
005 - تاريخ ووقت أخر عملية
- حقل الضبط: 20121224161745.0
008 - عناصر بيانات ثابتة الطول
- حقل تحكم ثابت الطول: 121224|||a|||||| | ||| d
040 ## - مصدر الفهرسة
- هيئة الفهرسة الأصلية: OSt
- وكالة الكتابة: OSt
100 ## - مدخل -- أسم شخص
- إسم شخص: Kelly, F. P.
- الشكل الكامل للاسم: (Frank P.)
670 ## - بيانات المصدر موجوده
- الاستشهاد بالمصدر: Work cat.: (OSt)0: Kelly, F. P. (Frank P.), Reversibility and stochastic networks /, c2011.
